Imagine you're a knight / (Record no. 6785)
[ view plain ]
| 000 -LEADER | |
|---|---|
| fixed length control field | 01016nam a22002537a 4500 |
| 001 - CONTROL NUMBER | |
| control field | 6785 |
| 003 - CONTROL NUMBER IDENTIFIER | |
| control field | FISKH |
| 005 - DATE AND TIME OF LATEST TRANSACTION | |
| control field | 20250528103933.0 |
| 008 - FIXED-LENGTH DATA ELEMENTS--GENERAL INFORMATION | |
| fixed length control field | 250528b cb ||||| |||| 00| 0 eng d |
| 020 ## - INTERNATIONAL STANDARD BOOK NUMBER | |
| International Standard Book Number | 9780764162039 |
| 040 ## - CATALOGING SOURCE | |
| Original cataloging agency | FISKH |
| Language of cataloging | eng |
| Transcribing agency | FISKH |
| Modifying agency | FISKH |
| 082 ## - DEWEY DECIMAL CLASSIFICATION NUMBER | |
| Classification number | 940.1 |
| 100 ## - MAIN ENTRY--PERSONAL NAME | |
| Personal name | Chrisp, Peter |
| 245 ## - TITLE STATEMENT | |
| Title | Imagine you're a knight / |
| Statement of responsibility, etc. | Written by Peter Chrisp , Consultant : Christopher Gravett |
| 260 ## - PUBLICATION, DISTRIBUTION, ETC. | |
| Place of publication, distribution, etc. | New York : |
| Name of publisher, distributor, etc. | Barron's Educational Series, Inc , |
| Date of publication, distribution, etc. | 2009. |
| 300 ## - PHYSICAL DESCRIPTION | |
| Extent | 20 pages : |
| Other physical details | color illustrations ; |
| Dimensions | 26 cm . |
| 520 ## - SUMMARY, ETC. | |
| Summary, etc. | Introduces medieval knights and the world in which they lived, including their training, their mounts, heraldry, their arms and gear, tournaments, and warfare, and offers paper models of knights on foot and mounted, and a knight's helmet. |
| 650 ## - SUBJECT ADDED ENTRY--TOPICAL TERM | |
| Topical term or geographic name entry element | Middle ages |
| Form subdivision | Non-fiction |
| 700 ## - ADDED ENTRY--PERSONAL NAME | |
| Personal name | Lathwell, Alan |
| Relator term | Illustrator |
| 700 ## - ADDED ENTRY--PERSONAL NAME | |
| Personal name | Forder, Nicholas |
| Relator term | Illustrator |
| 700 ## - ADDED ENTRY--PERSONAL NAME | |
| Personal name | Crowson, Andrew |
| Relator term | Illustrator |
| 942 ## - ADDED ENTRY ELEMENTS (KOHA) | |
| Source of classification or shelving scheme | Dewey Decimal Classification |
| Koha item type | Books |
| Suppress in OPAC | No |
| Withdrawn status | Lost status | Source of classification or shelving scheme | Damaged status | Not for loan | Collection | Home library | Current library | Shelving location | Date acquired | Total Checkouts | Full call number | Barcode | Date last seen | Price effective from | Koha item type |
|---|---|---|---|---|---|---|---|---|---|---|---|---|---|---|---|
| Dewey Decimal Classification | Non-Fiction | Footprints International School Library Network Toul Tom Poung Campus | Footprints International School Library Network Toul Tom Poung Campus | TTP Secondary Non-Fiction Bookshelves | 05/28/2025 | CHR 940.1 | 2025-1422 | 05/28/2025 | 05/28/2025 | Books |
